<?xml version="1.0" encoding="UTF-8"?>
<record
    xmlns:xsi="http://www.w3.org/2001/XMLSchema-instance"
    xsi:schemaLocation="http://www.loc.gov/MARC21/slim http://www.loc.gov/standards/marcxml/schema/MARC21slim.xsd"
    xmlns="http://www.loc.gov/MARC21/slim">

  <leader>03294njm a2200565Ia 4500</leader>
  <controlfield tag="001">23891</controlfield>
  <controlfield tag="003">IT-RoPAU</controlfield>
  <controlfield tag="005">20220918181126.0</controlfield>
  <controlfield tag="008">131025s9999    xx            000 0 und d</controlfield>
  <datafield tag="040" ind1=" " ind2=" ">
    <subfield code="a">IT-RoPAU</subfield>
  </datafield>
  <datafield tag="040" ind1=" " ind2=" ">
    <subfield code="c">IT-RoPAU</subfield>
  </datafield>
  <datafield tag="041" ind1=" " ind2=" ">
    <subfield code="a">ITALIANO</subfield>
  </datafield>
  <datafield tag="999" ind1=" " ind2=" ">
    <subfield code="c">100140</subfield>
    <subfield code="d">100140</subfield>
  </datafield>
  <datafield tag="999" ind1=" " ind2=" ">
    <subfield code="b">n.d.</subfield>
  </datafield>
  <datafield tag="100" ind1=" " ind2=" ">
    <subfield code="a">AA.VV.</subfield>
    <subfield code="9">794</subfield>
  </datafield>
  <datafield tag="100" ind1=" " ind2=" ">
    <subfield code="e">Autore musica</subfield>
    <subfield code="9">7099</subfield>
  </datafield>
  <datafield tag="100" ind1=" " ind2=" ">
    <subfield code="g">Codice autore musica SPICS: 12000</subfield>
    <subfield code="9">796</subfield>
  </datafield>
  <datafield tag="245" ind1=" " ind2=" ">
    <subfield code="a">Vecchio pianino (Lp Sm 3140)</subfield>
  </datafield>
  <datafield tag="250" ind1=" " ind2=" ">
    <subfield code="a">1a ed.</subfield>
  </datafield>
  <datafield tag="260" ind1=" " ind2=" ">
    <subfield code="a">ITALY</subfield>
  </datafield>
  <datafield tag="260" ind1=" " ind2=" ">
    <subfield code="b">JOKER - W. GURTLER</subfield>
    <subfield code="c">1969 [1a Ed.:1969]</subfield>
  </datafield>
  <datafield tag="300" ind1=" " ind2=" ">
    <subfield code="a">DISCO</subfield>
  </datafield>
  <datafield tag="500" ind1=" " ind2=" ">
    <subfield code="a">Canzone italiana</subfield>
  </datafield>
  <datafield tag="505" ind1=" " ind2=" ">
    <subfield code="a">Uno a te, uno a me - Romantica - Maliarda - E' mezzanotte - Mare verde - Vorrei volare - Quando vien la sera - Il mare - Il mare nel cassetto - La spagnola - Lettera a Pinocchio - Credere - Buenas noches mi amor - Marina - Anime vaganti - Splende l'arcobaleno</subfield>
  </datafield>
  <datafield tag="650" ind1=" " ind2=" ">
    <subfield code="a">CANZONE ITALIAN [DISCHI]</subfield>
    <subfield code="e">Codice MATERIA SPICS: 9950</subfield>
    <subfield code="9">7100</subfield>
  </datafield>
  <datafield tag="700" ind1=" " ind2=" ">
    <subfield code="a">Hadjidakis</subfield>
    <subfield code="d">Codice autore musica SPICS: 13935</subfield>
    <subfield code="e">Autore musica</subfield>
    <subfield code="p">Uno a te, uno a me</subfield>
    <subfield code="9">7101</subfield>
  </datafield>
  <datafield tag="700" ind1=" " ind2=" ">
    <subfield code="a">Rascel Renato</subfield>
    <subfield code="d">Codice autore musica SPICS: 13602</subfield>
    <subfield code="e">Autore musica</subfield>
    <subfield code="p">Romantica</subfield>
    <subfield code="9">7102</subfield>
  </datafield>
  <datafield tag="700" ind1=" " ind2=" ">
    <subfield code="a">Verde</subfield>
    <subfield code="d">Codice autore SPICS: 14028</subfield>
    <subfield code="e">Autore</subfield>
    <subfield code="p">Romantica</subfield>
    <subfield code="9">7103</subfield>
  </datafield>
  <datafield tag="700" ind1=" " ind2=" ">
    <subfield code="a">Vale T.</subfield>
    <subfield code="d">Codice autore musica SPICS: 14029</subfield>
    <subfield code="e">Autore musica</subfield>
    <subfield code="p">Maliarda - Anime vaganti</subfield>
    <subfield code="9">7104</subfield>
  </datafield>
  <datafield tag="700" ind1=" " ind2=" ">
    <subfield code="a">Cozzoli Michele</subfield>
    <subfield code="d">Codice autore musica SPICS: 13648</subfield>
    <subfield code="e">Autore musica</subfield>
    <subfield code="p">E' mezzanotte</subfield>
    <subfield code="9">7105</subfield>
  </datafield>
  <datafield tag="700" ind1=" " ind2=" ">
    <subfield code="a">Testa Michele (=Gill Armando)</subfield>
    <subfield code="d">Codice autore musica SPICS: 13131</subfield>
    <subfield code="e">Autore musica</subfield>
    <subfield code="p">E' mezzanotte - Quando vien la sera</subfield>
    <subfield code="9">7106</subfield>
  </datafield>
  <datafield tag="700" ind1=" " ind2=" ">
    <subfield code="a">Compari</subfield>
    <subfield code="d">Codice autore testo/musica SPICS: 22690</subfield>
    <subfield code="e">Autore testo/musica</subfield>
    <subfield code="p">E' mezzanotte</subfield>
    <subfield code="9">7107</subfield>
  </datafield>
  <datafield tag="700" ind1=" " ind2=" ">
    <subfield code="a">Mazzocco</subfield>
    <subfield code="d">Codice autore musica SPICS: 14030</subfield>
    <subfield code="e">Autore musica</subfield>
    <subfield code="p">Mare verde</subfield>
    <subfield code="9">7108</subfield>
  </datafield>
  <datafield tag="700" ind1=" " ind2=" ">
    <subfield code="a">Vancheri</subfield>
    <subfield code="d">Codice autore musica SPICS: 14031</subfield>
    <subfield code="e">Autore musica</subfield>
    <subfield code="p">Vorrei volare</subfield>
    <subfield code="9">7109</subfield>
  </datafield>
  <datafield tag="700" ind1=" " ind2=" ">
    <subfield code="a">Rossi Carlo Alberto (Cicero)</subfield>
    <subfield code="d">Codice autore SPICS: 13130</subfield>
    <subfield code="e">Autore</subfield>
    <subfield code="p">Quando vien la sera</subfield>
    <subfield code="9">7110</subfield>
  </datafield>
  <datafield tag="700" ind1=" " ind2=" ">
    <subfield code="a">Vian</subfield>
    <subfield code="d">Codice autore musica SPICS: 14032</subfield>
    <subfield code="e">Autore musica</subfield>
    <subfield code="p">Il mare</subfield>
    <subfield code="9">7111</subfield>
  </datafield>
  <datafield tag="700" ind1=" " ind2=" ">
    <subfield code="a">Pugliese</subfield>
    <subfield code="d">Codice autore SPICS: 22763</subfield>
    <subfield code="e">Autore</subfield>
    <subfield code="p">Il mare</subfield>
    <subfield code="9">7112</subfield>
  </datafield>
  <datafield tag="700" ind1=" " ind2=" ">
    <subfield code="a">Lavalle</subfield>
    <subfield code="d">Codice autore musica SPICS: 14033</subfield>
    <subfield code="e">Autore musica</subfield>
    <subfield code="p">Il mare nel cassetto</subfield>
    <subfield code="9">7113</subfield>
  </datafield>
  <datafield tag="700" ind1=" " ind2=" ">
    <subfield code="a">Lattuada</subfield>
    <subfield code="d">Codice autore SPICS: 14034</subfield>
    <subfield code="e">Autore</subfield>
    <subfield code="p">Il mare nel cassetto</subfield>
    <subfield code="9">7114</subfield>
  </datafield>
  <datafield tag="700" ind1=" " ind2=" ">
    <subfield code="a">Di Chiara Vincenzo</subfield>
    <subfield code="d">Codice autore musica SPICS: 13434</subfield>
    <subfield code="e">Autore musica</subfield>
    <subfield code="p">La spagnola</subfield>
    <subfield code="9">7115</subfield>
  </datafield>
  <datafield tag="700" ind1=" " ind2=" ">
    <subfield code="a">Panzeri Mario</subfield>
    <subfield code="d">Codice autore musica SPICS: 13372</subfield>
    <subfield code="e">Autore musica</subfield>
    <subfield code="p">Lettera a Pinocchio</subfield>
    <subfield code="9">7116</subfield>
  </datafield>
  <datafield tag="700" ind1=" " ind2=" ">
    <subfield code="a">Forlani</subfield>
    <subfield code="d">Codice autore musica SPICS: 14036</subfield>
    <subfield code="e">Autore musica</subfield>
    <subfield code="p">Credere</subfield>
    <subfield code="9">7117</subfield>
  </datafield>
  <datafield tag="700" ind1=" " ind2=" ">
    <subfield code="a">Forte</subfield>
    <subfield code="d">Codice autore SPICS: 14035</subfield>
    <subfield code="e">Autore</subfield>
    <subfield code="p">Credere</subfield>
    <subfield code="9">7118</subfield>
  </datafield>
  <datafield tag="700" ind1=" " ind2=" ">
    <subfield code="a">Giraud Hubert</subfield>
    <subfield code="d">Codice autore musica SPICS: 14038</subfield>
    <subfield code="e">Autore musica</subfield>
    <subfield code="p">Buenas noches mi amor</subfield>
    <subfield code="9">7119</subfield>
  </datafield>
  <datafield tag="700" ind1=" " ind2=" ">
    <subfield code="a">Fontenoy</subfield>
    <subfield code="d">Codice autore SPICS: 14037</subfield>
    <subfield code="e">Autore</subfield>
    <subfield code="p">Buenas noches mi amor</subfield>
    <subfield code="9">7120</subfield>
  </datafield>
  <datafield tag="700" ind1=" " ind2=" ">
    <subfield code="a">Rocco</subfield>
    <subfield code="d">Codice autore musica SPICS: 14039</subfield>
    <subfield code="e">Autore musica</subfield>
    <subfield code="p">Marina</subfield>
    <subfield code="9">7121</subfield>
  </datafield>
  <datafield tag="700" ind1=" " ind2=" ">
    <subfield code="a">Granata Rocco</subfield>
    <subfield code="d">Codice autore SPICS: 14040</subfield>
    <subfield code="e">Autore</subfield>
    <subfield code="p">Marina</subfield>
    <subfield code="9">7122</subfield>
  </datafield>
  <datafield tag="700" ind1=" " ind2=" ">
    <subfield code="a">Di Ceglie Cosimo</subfield>
    <subfield code="d">Codice autore musica SPICS: 13484</subfield>
    <subfield code="e">Autore musica</subfield>
    <subfield code="p">Splende l'arcobaleno</subfield>
    <subfield code="9">7123</subfield>
  </datafield>
  <datafield tag="700" ind1=" " ind2=" ">
    <subfield code="a">Tuminelli Sandro</subfield>
    <subfield code="d">Codice autore SPICS: 25258</subfield>
    <subfield code="e">Autore</subfield>
    <subfield code="p">Splende l'arcobaleno</subfield>
    <subfield code="9">7124</subfield>
  </datafield>
  <datafield tag="942" ind1=" " ind2=" ">
    <subfield code="c">MD</subfield>
    <subfield code="2">ddc</subfield>
  </datafield>
  <datafield tag="952" ind1=" " ind2=" ">
    <subfield code="0">0</subfield>
    <subfield code="1">0</subfield>
    <subfield code="4">0</subfield>
    <subfield code="6">23891_000000000000000</subfield>
    <subfield code="7">1</subfield>
    <subfield code="a">SPICS</subfield>
    <subfield code="b">SPICS</subfield>
    <subfield code="d">2013-10-25</subfield>
    <subfield code="l">0</subfield>
    <subfield code="o">23891</subfield>
    <subfield code="r">2013-10-25 00:00:00</subfield>
    <subfield code="w">2013-10-25</subfield>
    <subfield code="y">MD</subfield>
    <subfield code="z">Progr. Ins.: 4738 / N.Vol.: 1 / Copie: 1 - Copia rara: n.d. / date import: 01.01.2014 - By Epidotti, Trombetti, Vaglietti</subfield>
  </datafield>
</record>
